Online Catalogue and eLibrary

Sexuality in ancient India : (Record no. 301)

MARC details
000 -LEADER
fixed length control field 00716nam a2200193 a 4500
001 - CONTROL NUMBER
control field 3520998
005 - DATE AND TIME OF LATEST TRANSACTION
control field 20240206034308.0
008 - FIXED-LENGTH DATA ELEMENTS--GENERAL INFORMATION
fixed length control field 950914s1993 ce b s001 0 eng
020 ## - INTERNATIONAL STANDARD BOOK NUMBER
ISBN 955904415X
040 ## - CATALOGING SOURCE (பட்டியலாக்க மூலம்)
Original cataloging agency DLC
Transcribing agency DLC
082 00 - DDC Classification
Class No. 306.7/0934
DDC Edition Number 20
Item Number - Author Mark SEX.
100 1# - MAIN ENTRY--PERSONAL NAME
Personal name Perera, L. P. N.,
245 10 - TITLE STATEMENT
Title Sexuality in ancient India :
Remainder of title a study based on the Pali Vinayapitaka /
Statement of responsibility, etc. L.P.N. Perera.
260 ## - PUBLICATION, DISTRIBUTION, ETC.
Place of publication, distribution, etc. Kelaniya :
Name of publisher, distributor, etc. Postgraduate Institute of Pali and Buddhist Studies, University of Kelaniya, Sri Lanka,
Date of publication, distribution, etc. 1993.
300 ## - PHYSICAL DESCRIPTION
Extent (e.g. Volumes, Pages etc.) xv, 282 p. ;
500 ## - GENERAL NOTE
General note "A thesis presented to the University of Sri Lanka (Ceylon) Peradeniya Campus for the Degree of Doctor of Philosophy"--T.p. verso.
650 #0 - SUBJECT ADDED ENTRY--TOPICAL TERM
Topical term or geographic name entry element Sex
942 ## - Koha item type (Biblio)
Koha item type Books in Stacks (Lending)
Holdings
Lost status Damaged status Collection code Home library Current library Date acquired Full call number Accession Number Item type
    Lending WERC Library WERC Library 02/06/2024 306.7/0934 SEX. 3694 Books in Stacks (Lending)

© WERC Library